La mitad invisible de la historia latinoamericana: el protagonismo social de la mujer

Wedi'i Gadw mewn:
Manylion Llyfryddiaeth
Prif Awdur: Vitale, Luis (Awdur)
Fformat: Llyfr
Iaith:Sbaeneg
Cyhoeddwyd: Buenos Aires Sudamericana-Planeta 1987
Pynciau:
Tagiau: Ychwanegu Tag
Dim Tagiau, Byddwch y cyntaf i dagio'r cofnod hwn!

MARC

LEADER 00000nam a2200000 a 4500
001 UCX0319
003 CL-VaPUC
008 890926e19870000AG |||||||||||||||||spa|d
082 0 4 |a 305.4  |b VIT  |2 21 
100 0 |a Vitale, Luis  |e author  |9 315694 
245 1 3 |a La mitad invisible de la historia latinoamericana: el protagonismo social de la mujer 
300 |a 291 p 
942 |c BK 
945 |d 19890926 00:00:00 
260 |a Buenos Aires  |b Sudamericana-Planeta  |c 1987 
650 7 |a FEMINISMO HISTORIA  |2 CL-VaPUC  |9 315695 
650 0 |a Mujeres condiciones sociales  |9 307717 
650 7 |a MUJERES IMPEDIDAS SOCIALMENTE  |2 CL-VaPUC  |9 313827 
650 7 |a MUJERES EN EL DESARROLLO DE LA COMUNIDAD  |2 CL-VaPUC  |9 307965 
651 0 |a América Latina   |9 255027 
583 |a last modification  |c 19890926 00:00:00  |k Rodrigo Vera 
999 |c 221952  |d 221950 
952 |0 0  |1 0  |4 0  |6 305_400000000000000_VIT_1987  |7 0  |8 A  |9 216054  |a BIBGIM  |b BIBGIM  |d 2019-11-15  |i 2846292  |o 305.4 VIT 1987  |p 2846292  |r 2025-01-15  |w 2019-11-15  |y BK  |k SSL